[Event "Benidorm op-A"]
[Site "Benidorm"]
[Date "2024.11.03"]
[Round "9"]
[White "Shuvalova, Polina"]
[Black "Medarde Santiago, Luis Marcos"]
[Result "1-0"]
[WhiteElo "2472"]
[BlackElo "2435"]
[PlyCount "93"]
[EventDate "2024.10.27"]
[EventType "swiss"]
[EventRounds "9"]
[EventCountry "ESP"]
[SourceTitle "CB45_2024"]
[Source "ChessBase"]
[SourceDate "2024.11.06"]
[SourceVersion "1"]
[SourceVersionDate "2024.11.06"]
[SourceQuality "1"]

1. e4 c5 2. Nf3 g6 3. c3 d5 4. exd5 Qxd5 5. d4 Bg7 6. Be2 cxd4 7. cxd4 Nf6 8. Nc3 Qa5 9. 0-0 0-0 10. Ne5 Nbd7 11. Bf4 Nb6 12. Bf3 Nbd5 13. Nc4 Qd8 14. Be5 Be6 15. Ne3 Rc8 16. Rc1 Nxc3 17. bxc3 Nd5 18. Bxd5 Bxd5 19. Bxg7 Kxg7 20. c4 Be4 21. d5 e5 22. f3 Qg5 23. Qe2 Bf5 24. c5 Bd7 25. Rc3 e4 26. fxe4 Qe5 27. Rfc1 Rfe8 28. c6 bxc6 29. dxc6 Be6 30. Qc2 Re7 31. a3 f6 32. Rc5 Qd4 33. Kf2 Bf7 34. Rd1 Qxe4 35. Qxe4 Rxe4 36. Rd7 Re5 37. Rxe5 fxe5 38. Ng4 Re8 39. c7 Rc8 40. Nxe5 Kf6 41. Nxf7 Ke6 42. Rd8 Rxc7 43. Ng5+ Ke7 44. Rd3 Kf6 45. Nf3 Rc2+ 46. Kg3 Ra2 47. Rd6+ 1-0

[Event "Benidorm op-A"]
[Site "Benidorm"]
[Date "2024.10.31"]
[Round "5"]
[White "Medarde Santiago, Luis Marcos"]
[Black "Shearsby, Jude"]
[Result "1-0"]
[WhiteElo "2435"]
[BlackElo "2192"]
[PlyCount "69"]
[EventDate "2024.10.27"]
[EventType "swiss"]
[EventRounds "9"]
[EventCountry "ESP"]
[SourceTitle "CB45_2024"]
[Source "ChessBase"]
[SourceDate "2024.11.06"]
[SourceVersion "1"]
[SourceVersionDate "2024.11.06"]
[SourceQuality "1"]

1. e4 c5 2. Nf3 e6 3. d4 cxd4 4. Nxd4 Nf6 5. Nc3 Nc6 6. Bf4 Bb4 7. Ndb5 0-0 8. Bc7 Qe7 9. Bd6 Bxd6 10. Qxd6 Qd8 11. 0-0-0 Qb6 12. Qg3 Qc5 13. f4 e5 14. Nc7 Rb8 15. N7d5 Nh5 16. Qf3 Nxf4 17. Nxf4 exf4 18. Qxf4 Qe5 19. g3 b6 20. Rd5 Qe7 21. Bc4 Bb7 22. Rf5 Rbe8 23. Bd5 Ba6 24. Rd1 Ne5 25. Bb3 Bb7 26. Rf1 d6 27. Qd2 Kh8 28. h4 a5 29. a4 Bc6 30. Qf2 Qc7 31. Bxf7 Bxe4 32. Rf4 Rd8 33. Be8 Rxf4 34. Qxf4 Qc4 35. Bb5 1-0

[Event "Benidorm op-A"]
[Site "Benidorm"]
[Date "2024.10.27"]
[Round "1"]
[White "Medarde Santiago, Luis Marcos"]
[Black "Nettleton, Charlie"]
[Result "1/2-1/2"]
[WhiteElo "2435"]
[BlackElo "2104"]
[PlyCount "154"]
[EventDate "2024.10.27"]
[EventType "swiss"]
[EventRounds "9"]
[EventCountry "ESP"]
[SourceTitle "CB45_2024"]
[Source "ChessBase"]
[SourceDate "2024.11.06"]
[SourceVersion "1"]
[SourceVersionDate "2024.11.06"]
[SourceQuality "1"]

1. e4 e6 2. d4 d5 3. Nc3 dxe4 4. Nxe4 Bd7 5. Nf3 Bc6 6. Bd3 Nd7 7. 0-0 Ngf6 8. Ned2 Be7 9. Nc4 Bd5 10. Nce5 c5 11. c4 Bxf3 12. Nxf3 cxd4 13. Nxd4 0-0 14. Re1 Rc8 15. a3 Nc5 16. Bc2 a5 17. b3 Qb6 18. Qf3 Rfe8 19. Rb1 Na6 20. Nb5 a4 21. b4 Rxc4 22. Bxa4 Ra8 23. Be3 Qc6 24. Qe2 Nc7 25. Nd6 Qxd6 26. Qxc4 Rxa4 27. Bf4 Qc6 28. Qxc6 bxc6 29. Bxc7 Rxa3 30. Ra1 Bxb4 31. Rxa3 Bxa3 32. Ra1 Bf8 33. Ra8 h6 34. Bd6 Nh7 35. Rc8 g6 36. Be5 c5 37. Kf1 g5 38. Ke2 f6 39. Bd6 Kf7 40. Rc7+ Kg6 41. Bxf8 Nxf8 42. Rxc5 e5 43. Rc6 Kf7 44. Ke3 Ne6 45. Rb6 Nd4 46. Ke4 h5 47. Kd5 h4 48. Rb8 Kg6 49. Rb6 Nf5 50. Ke6 Nd4+ 51. Ke7 Nf5+ 52. Kf8 Nh6 53. h3 g4 54. Ra6 g3 55. Ra3 gxf2 56. Rf3 f5 57. Rxf2 f4 58. Ke7 Kf5 59. Ra2 Ke4 60. Kf6 Nf5 61. Kg5 Nd4 62. Kxh4 Kf5 63. Rd2 Ne6 64. Rf2 e4 65. Ra2 e3 66. Ra5+ Ke4 67. Kg4 e2 68. Ra1 Nd4 69. Re1 Ke3 70. h4 f3 71. gxf3 Nxf3 72. Ra1 Nxh4 73. Kxh4 Kd2 74. Ra2+ Kd1 75. Ra1+ Kd2 76. Kg3 e1Q+ 77. Rxe1 Kxe1 1/2-1/2

[Event "Merida World Heritage op 3rd"]
[Site "Merida"]
[Date "2023.08.04"]
[Round "8"]
[White "Medarde Santiago, Luis Marcos"]
[Black "Flom, Gabriel"]
[Result "1/2-1/2"]
[WhiteElo "2411"]
[BlackElo "2438"]
[PlyCount "37"]
[EventDate "2023.07.31"]
[EventType "swiss"]
[EventRounds "9"]
[EventCountry "ESP"]
[SourceTitle "CBM 215 Extra"]
[Source "ChessBase"]
[SourceDate "2023.09.30"]
[SourceVersion "1"]
[SourceVersionDate "2023.09.30"]
[SourceQuality "1"]

1. e4 e6 2. d4 d5 3. exd5 exd5 4. Bd3 Bd6 5. Nf3 Qe7+ 6. Qe2 Qxe2+ 7. Kxe2 Nf6 8. h3 c6 9. Re1 0-0 10. c3 Re8+ 11. Kf1 Rxe1+ 12. Kxe1 h6 13. Be3 Nbd7 14. Nbd2 Nf8 15. Ne5 N6d7 16. Nef3 Nf6 17. Ne5 N6d7 18. Nef3 Nf6 19. Ne5 1/2-1/2

[Event "Merida World Heritage op 3rd"]
[Site "Merida"]
[Date "2023.08.02"]
[Round "5"]
[White "Medarde Santiago, Luis Marcos"]
[Black "Shyam, Nikil P"]
[Result "1/2-1/2"]
[WhiteElo "2411"]
[BlackElo "2473"]
[PlyCount "57"]
[EventDate "2023.07.31"]
[EventType "swiss"]
[EventRounds "9"]
[EventCountry "ESP"]
[SourceTitle "CBM 215 Extra"]
[Source "ChessBase"]
[SourceDate "2023.09.30"]
[SourceVersion "1"]
[SourceVersionDate "2023.09.30"]
[SourceQuality "1"]

1. e4 c5 2. Nf3 d6 3. d4 cxd4 4. Nxd4 Nf6 5. Nc3 a6 6. h3 Nc6 7. Be3 Bd7 8. g4 h6 9. f4 e6 10. Qf3 Qa5 11. 0-0-0 Nxd4 12. Bxd4 Rc8 13. Bd3 e5 14. Bf2 Rxc3 15. bxc3 Qxc3 16. Be2 Qa1+ 17. Kd2 Qxa2 18. Ra1 Qe6 19. f5 Qe7 20. c4 Bc6 21. Bd3 Nd7 22. Ke2 Qd8 23. h4 Be7 24. Bc2 Qc7 25. Be3 Qd8 26. Bf2 Qc7 27. Be3 Qd8 28. Bf2 Qc7 29. Be3 1/2-1/2

[Event "Merida World Heritage op 3rd"]
[Site "Merida"]
[Date "2023.08.02"]
[Round "4"]
[White "Panelo Munoz, Marcelo A"]
[Black "Medarde Santiago, Luis Marcos"]
[Result "1/2-1/2"]
[WhiteElo "2366"]
[BlackElo "2411"]
[PlyCount "65"]
[EventDate "2023.07.31"]
[EventType "swiss"]
[EventRounds "9"]
[EventCountry "ESP"]
[SourceTitle "CBM 215 Extra"]
[Source "ChessBase"]
[SourceDate "2023.09.30"]
[SourceVersion "1"]
[SourceVersionDate "2023.09.30"]
[SourceQuality "1"]

1. e4 c5 2. Nf3 d6 3. Bb5+ Bd7 4. Bxd7+ Nxd7 5. 0-0 Ngf6 6. Re1 g6 7. d3 Bg7 8. Nc3 0-0 9. h3 Nb8 10. Bg5 Nc6 11. Qd2 Nd4 12. Nxd4 cxd4 13. Nd5 e6 14. Nxf6+ Bxf6 15. Bxf6 Qxf6 16. Qb4 e5 17. Rec1 b6 18. c3 dxc3 19. Rxc3 Rfc8 20. Rac1 Rc5 21. Qa4 Qg5 22. R1c2 Qh5 23. Rc1 Qg5 24. R1c2 Qh5 25. Rc1 Qe2 26. Qb3 Rac8 27. g3 Kg7 28. Kg2 Qd2 29. Rxc5 Rxc5 30. Rxc5 dxc5 31. a3 Kf6 32. Qb5 Kg7 33. b3 1/2-1/2

[Event "Merida World Heritage op 3rd"]
[Site "Merida"]
[Date "2023.07.31"]
[Round "1"]
[White "Medarde Santiago, Luis Marcos"]
[Black "Infantes Gonzalez, Maria"]
[Result "1-0"]
[WhiteElo "2411"]
[BlackElo "1720"]
[PlyCount "85"]
[EventDate "2023.07.31"]
[EventType "swiss"]
[EventRounds "9"]
[EventCountry "ESP"]
[SourceTitle "CBM 215 Extra"]
[Source "ChessBase"]
[SourceDate "2023.09.30"]
[SourceVersion "1"]
[SourceVersionDate "2023.09.30"]
[SourceQuality "1"]

1. e4 c6 2. d4 d5 3. f3 dxe4 4. fxe4 e5 5. Nf3 exd4 6. Bc4 Nd7 7. 0-0 Ngf6 8. e5 Nd5 9. Bxd5 cxd5 10. Ng5 Nxe5 11. Bf4 h6 12. Bxe5 hxg5 13. Qxd4 Qb6 14. Qxb6 axb6 15. Nc3 Bc5+ 16. Kh1 f6 17. Nxd5 fxe5 18. Nc7+ Kd7 19. Nxa8 Kc6 20. Rf7 Be6 21. Rc7+ Kb5 22. a4+ Ka5 23. Rxg7 Rxa8 24. Rxg5 Bd6 25. Rd1 Bc7 26. Rg7 Rc8 27. Re7 Bg4 28. Re1 Ka6 29. Rg7 Be6 30. h4 Bd8 31. h5 Bh4 32. g3 Bd5+ 33. Kg1 Bf6 34. Rg6 Bh8 35. c3 e4 36. Rd6 Bc6 37. Red1 Rg8 38. Rd8 Rxg3+ 39. Kh2 Bxa4 40. Kxg3 Bxd1 41. Rxh8 e3 42. h6 e2 43. Re8 1-0

[Event "Pontevedra op 11th"]
[Site "Pontevedra"]
[Date "2023.07.26"]
[Round "4"]
[White "Medarde Santiago, Luis Marcos"]
[Black "Plazuelo Pascual, Juan"]
[Result "1/2-1/2"]
[WhiteElo "2411"]
[BlackElo "2465"]
[PlyCount "107"]
[EventDate "2023.07.24"]
[EventType "swiss"]
[EventRounds "9"]
[EventCountry "ESP"]
[SourceTitle "CBM 215 Extra"]
[Source "ChessBase"]
[SourceDate "2023.09.30"]
[SourceVersion "1"]
[SourceVersionDate "2023.09.30"]
[SourceQuality "1"]

1. e4 c5 2. Nf3 d6 3. d4 cxd4 4. Nxd4 Nf6 5. Nc3 a6 6. Bd3 g6 7. f3 Qb6 8. a3 Nc6 9. Be3 e5 10. Nf5 Qd8 11. Ng3 Be6 12. Qd2 Rc8 13. 0-0 Bg7 14. Rad1 0-0 15. Kh1 Na5 16. Rfe1 b5 17. Be2 Ne8 18. Bg5 Qc7 19. Nf1 f6 20. Nd5 Bxd5 21. Qxd5+ Qf7 22. Qxf7+ Rxf7 23. Bd2 Nc4 24. Bc1 Nb6 25. Ne3 Bh6 26. b3 Bxe3 27. Bxe3 Rb7 28. Rd2 Rc3 29. Bf2 Kf8 30. g3 Ke7 31. Kg2 Ng7 32. Red1 Nc8 33. a4 Ne6 34. axb5 axb5 35. Ra1 Rc6 36. Ra8 Kd7 37. Be3 Rc3 38. Kf2 Nc7 39. Ra5 Ne7 40. f4 Nc6 41. Ra1 Nb4 42. Bd1 Ne6 43. Ra8 Nc5 44. Bxc5 Rxc5 45. Rf8 Ke7 46. Rh8 Ke6 47. Rd8 Rc6 48. Re8+ Kf7 49. Rh8 Ke6 50. Re8+ Kf7 51. Rd8 Ke7 52. Rh8 Ke6 53. Bg4+ f5 54. Bd1 1/2-1/2

[Event "Titled Tuesday intern op 18th Jul Late"]
[Site "Chess.com INT"]
[Date "2023.07.18"]
[Round "3"]
[White "Medarde Santiago, Luis Marcos"]
[Black "Bartel, Mateusz"]
[Result "1/2-1/2"]
[WhiteElo "2411"]
[BlackElo "2614"]
[PlyCount "229"]
[EventDate "2023.07.18"]
[EventType "swiss (blitz)"]
[EventRounds "11"]
[EventCountry "USA"]
[SourceTitle "EXT 2024"]
[Source "ChessBase"]
[SourceDate "2023.10.10"]
[SourceVersion "1"]
[SourceVersionDate "2023.10.10"]
[SourceQuality "1"]

1. e4 g6 2. d4 Bg7 3. Nc3 a6 4. f4 b5 5. Nf3 Bb7 6. Bd3 d6 7. 0-0 Nd7 8. a4 b4 9. Ne2 c5 10. c3 bxc3 11. bxc3 cxd4 12. cxd4 Ngf6 13. Ng5 h6 14. Nxf7 Kxf7 15. e5 Bd5 16. exf6 Nxf6 17. Qc2 Rf8 18. Bxg6+ Kg8 19. Bd3 Rc8 20. Qd1 Qb6 21. f5 Ne4 22. Rb1 Qc6 23. Be3 Nc3 24. Nxc3 Qxc3 25. Qe2 Bc4 26. Bxc4+ Qxc4 27. Qxc4+ Rxc4 28. Rfc1 Rxa4 29. Rb7 Re8 30. Rcc7 Bf6 31. g4 Kf7 32. Bxh6 Rxd4 33. h3 Rh8 34. g5 Rxh6 35. gxh6 Rh4 36. Kg2 Rxh6 37. Ra7 Rh5 38. Rxa6 Rg5+ 39. Kh1 Rxf5 40. Rxd6 Be5 41. Rd5 Ke6 42. Rcc5 Rf1+ 43. Kg2 Re1 44. h4 Bd6 45. Rb5 Re2+ 46. Kf3 Rh2 47. h5 Rh3+ 48. Kg2 Rg3+ 49. Kf2 Rh3 50. Rg5 Kf6 51. Rg6+ Kf7 52. Rf5+ Ke8 53. Rg8+ Kd7 54. Kg2 Rh2+ 55. Kf3 Rh3+ 56. Ke2 Rh2+ 57. Kf3 Rh3+ 58. Kg2 Rh2+ 59. Kg1 Rh3 60. Rg6 Rh4 61. h6 Bc7 62. Kg2 Bd6 63. Rf7 Ke8 64. Rfg7 Be5 65. Rg8+ Kf7 66. R8g7+ Bxg7 67. Rxg7+ Kf6 68. Rg3 Rxh6 69. Ra3 Rh5 70. Kf3 Rf5+ 71. Ke2 Re5+ 72. Kd2 Kf5 73. Ra4 e6 74. Ra8 Re4 75. Ra5+ Kf4 76. Ra8 e5 77. Rf8+ Kg5 78. Rf7 Rf4 79. Rg7+ Kf5 80. Rg8 Ke4 81. Ke2 Rh4 82. Ra8 Rh2+ 83. Ke1 Ke3 84. Ra3+ Kf4 85. Rb3 e4 86. Rb8 Kf3 87. Re8 Ke3 88. Kf1 Rf2+ 89. Kg1 Rf7 90. Kg2 Kd3 91. Ra8 Rc7 92. Ra3+ Rc3 93. Ra1 Rc2+ 94. Kg3 Ke2 95. Kg2 e3 96. Kg3 Rd2 97. Kg2 Rb2 98. Kg3 Kd3 99. Kf3 Rf2+ 100. Kg3 Rf7 101. Ra3+ Ke2 102. Ra2+ Kf1 103. Ra1+ Ke2 104. Ra2+ Kd1 105. Ra1+ Kc2 106. Ra2+ Kc3 107. Ra3+ Kd4 108. Ra4+ Kc5 109. Ra1 Re7 110. Kf3 Kd4 111. Ke2 Ke4 112. Ra4+ Kf5 113. Ra5+ Re5 114. Rxe5+ Kxe5 115. Kxe3 1/2-1/2

[Event "Titled Tuesday intern op 18th Jul Late"]
[Site "Chess.com INT"]
[Date "2023.07.18"]
[Round "4"]
[White "Medarde Santiago, Luis Marcos"]
[Black "Kramnik, Vladimir"]
[Result "0-1"]
[WhiteElo "2411"]
[BlackElo "2753"]
[PlyCount "96"]
[EventDate "2023.07.18"]
[EventType "swiss (blitz)"]
[EventRounds "11"]
[EventCountry "USA"]
[SourceTitle "EXT 2024"]
[Source "ChessBase"]
[SourceDate "2023.10.10"]
[SourceVersion "1"]
[SourceVersionDate "2023.10.10"]
[SourceQuality "1"]

1. e4 c5 2. Nf3 e6 3. d4 cxd4 4. Nxd4 Nf6 5. Nc3 Nc6 6. Nxc6 bxc6 7. e5 Nd5 8. Ne4 Qc7 9. f4 a5 10. c4 Bb4+ 11. Ke2 0-0 12. a3 Be7 13. cxd5 cxd5 14. Nd6 f6 15. Nxc8 Raxc8 16. exf6 Bxf6 17. Rb1 Qb7 18. Ke1 e5 19. Bd3 e4 20. Bc2 d4 21. Rf1 d3 22. Bb3+ Kh8 23. Kf2 Bd4+ 24. Kg3 Qa6 25. h3 e3 26. Qf3 d2 27. Rh1 Qg6+ 28. Kh2 Qxb1 29. Bxd2 Qd3 30. Bc3 Bxc3 31. bxc3 Qxc3 32. Bd5 Qf6 33. Qxe3 Qxf4+ 34. Qxf4 Rxf4 35. Re1 Rd4 36. Re5 h6 37. Bf3 a4 38. Bg4 Rf8 39. Re7 Rd8 40. Kg3 Rd3+ 41. Kh4 Rxa3 42. Kh5 Rg3 43. Kg6 a3 44. Re2 Ra8 45. Ra2 Ra6+ 46. Kh5 Kh7 47. Bf3 Ra4 48. Bd1 g6# 0-1

[Event "Titled Tuesday intern op 18th Jul Late"]
[Site "Chess.com INT"]
[Date "2023.07.18"]
[Round "10"]
[White "Moskalenko, Alexander"]
[Black "Medarde Santiago, Luis Marcos"]
[Result "1-0"]
[WhiteElo "2443"]
[BlackElo "2411"]
[PlyCount "105"]
[EventDate "2023.07.18"]
[EventType "swiss (blitz)"]
[EventRounds "11"]
[EventCountry "USA"]
[SourceTitle "EXT 2024"]
[Source "ChessBase"]
[SourceDate "2023.10.10"]
[SourceVersion "1"]
[SourceVersionDate "2023.10.10"]
[SourceQuality "1"]

1. Nc3 c5 2. e4 g6 3. f4 Bg7 4. Nf3 Nc6 5. Bc4 e6 6. d3 Nge7 7. e5 d5 8. exd6 Nf5 9. Bb5 0-0 10. Bxc6 bxc6 11. 0-0 Ba6 12. Ne5 c4 13. Nxc4 Bxc4 14. dxc4 Qxd6 15. Ne4 Qb4 16. Qd3 Rad8 17. Qb3 Qa5 18. c3 Nd6 19. Nxd6 Qc5+ 20. Kh1 Qxd6 21. Be3 Qc7 22. Rad1 Rxd1 23. Qxd1 Rd8 24. Qf3 Qa5 25. a3 Qa6 26. Qe4 Qa4 27. Kg1 Rd1 28. Rxd1 Qxd1+ 29. Kf2 Qb3 30. Bc1 Qd1 31. Qe1 Qc2+ 32. Qd2 Qf5 33. h3 h5 34. Qd8+ Kh7 35. Be3 e5 36. Qd6 Qc2+ 37. Qd2 Qe4 38. fxe5 Bxe5 39. Bd4 Qf5+ 40. Kg1 Bf4 41. Qe2 Qb1+ 42. Kf2 Bc1 43. b4 Qf5+ 44. Qf3 Qe6 45. a4 Bd2 46. Qe2 Qf5+ 47. Kg1 Bh6 48. Qe5 Qb1+ 49. Kh2 g5 50. Qh8+ Kg6 51. Qf6+ Kh7 52. Qxf7+ Bg7 53. Qxg7# 1-0

[Event "Sada Coruna op"]
[Site "Sada"]
[Date "2022.09.09"]
[Round "7"]
[White "Starostits, Ilmars"]
[Black "Medarde Santiago, Luis Marcos"]
[Result "1/2-1/2"]
[WhiteElo "2400"]
[BlackElo "2370"]
[PlyCount "87"]
[EventDate "2022.09.04"]
[EventType "swiss"]
[EventRounds "9"]
[EventCountry "ESP"]
[SourceTitle "CBM 210 Extra"]
[Source "ChessBase"]
[SourceDate "2022.11.30"]
[SourceVersion "1"]
[SourceVersionDate "2022.11.30"]
[SourceQuality "1"]

1. Nf3 c5 2. b3 Nc6 3. Bb2 d6 4. d4 cxd4 5. Nxd4 e5 6. Nxc6 bxc6 7. g3 Be6 8. Bg2 Qd7 9. h3 f5 10. c4 h5 11. e4 Nf6 12. exf5 Bxf5 13. Nc3 Be7 14. Qe2 0-0 15. Rd1 Rae8 16. Ne4 Nxe4 17. Bxe4 Bxe4 18. Qxe4 h4 19. g4 Bd8 20. 0-0 Rf4 21. Qe2 e4 22. Qd2 Rxg4+ 23. hxg4 Qxg4+ 24. Kh2 Bg5 25. Qc3 Bf4+ 26. Kh1 e3 27. Qxg7+ Qxg7 28. Bxg7 e2 29. Bd4 exf1Q+ 30. Rxf1 Re2 31. Kg2 Rxa2 32. Kf3 Be5 33. Bxe5 dxe5 34. Rh1 Rb2 35. Rxh4 Rxb3+ 36. Ke4 Rb2 37. Kxe5 Rxf2 38. Rh6 Kf7 39. Kd6 a5 40. Kxc6 a4 41. Rh7+ Ke8 42. Ra7 Rf6+ 43. Kb5 Kd8 44. Rxa4 1/2-1/2

[Event "Sada Coruna op"]
[Site "Sada"]
[Date "2022.09.07"]
[Round "5"]
[White "Medarde Santiago, Luis Marcos"]
[Black "Aranda Marin, Cristian"]
[Result "1-0"]
[WhiteElo "2370"]
[BlackElo "2332"]
[PlyCount "69"]
[EventDate "2022.09.04"]
[EventType "swiss"]
[EventRounds "9"]
[EventCountry "ESP"]
[SourceTitle "CBM 210 Extra"]
[Source "ChessBase"]
[SourceDate "2022.11.30"]
[SourceVersion "1"]
[SourceVersionDate "2022.11.30"]
[SourceQuality "1"]

1. e4 c5 2. Nf3 e6 3. d4 cxd4 4. Nxd4 a6 5. Bd3 Nf6 6. 0-0 Qc7 7. Qe2 d6 8. f4 Nbd7 9. c4 g6 10. f5 e5 11. Nc2 gxf5 12. Rxf5 Be7 13. Nc3 Nc5 14. Rf2 Nxd3 15. Qxd3 Ng4 16. Nd5 Qc5 17. Be3 Nxe3 18. Ncxe3 Bd8 19. Raf1 Be6 20. Qe2 Bg5 21. b4 Qd4 22. Nc2 Qa7 23. Nc7+ Kd7 24. Nxa8 Rxa8 25. c5 dxc5 26. Rxf7+ Bxf7 27. Rxf7+ Be7 28. Qg4+ Ke8 29. Qg8+ Kd7 30. Qg4+ Ke8 31. Qe6 cxb4+ 32. Kh1 Qc5 33. Rxh7 Kd8 34. Rh8+ Bf8 35. Qf7 1-0

[Event "Carballo Concello 5th"]
[Site "Carballo"]
[Date "2022.08.29"]
[Round "5"]
[White "Huerga Leache, Mikel"]
[Black "Medarde Santiago, Luis Marcos"]
[Result "1/2-1/2"]
[WhiteElo "2439"]
[BlackElo "2367"]
[PlyCount "45"]
[EventDate "2022.08.26"]
[EventType "swiss"]
[EventRounds "9"]
[EventCountry "ESP"]
[SourceTitle "EXT 2023"]
[Source "ChessBase"]
[SourceDate "2022.10.05"]
[SourceVersion "1"]
[SourceVersionDate "2022.10.05"]
[SourceQuality "1"]

1. e4 c5 2. Nf3 d6 3. d4 cxd4 4. Nxd4 Nf6 5. Nc3 g6 6. Be3 Bg7 7. f3 Nc6 8. Qd2 0-0 9. 0-0-0 d5 10. Kb1 Nxd4 11. e5 Nf5 12. exf6 Bxf6 13. Nxd5 Qxd5 14. Qxd5 Nxe3 15. Qd2 Nxd1 16. Qxd1 Be6 17. Bb5 a6 18. Ba4 Rfd8 19. Qe2 Rd4 20. Bb3 Bxb3 21. axb3 Rad8 22. g4 R8d5 23. h4 1/2-1/2

[Event "ESP-ch 87th"]
[Site "Linares"]
[Date "2022.08.18"]
[Round "9"]
[White "Medarde Santiago, Luis Marcos"]
[Black "Martinez Conde Hernandez, Carlos"]
[Result "1/2-1/2"]
[WhiteElo "2367"]
[BlackElo "2187"]
[PlyCount "62"]
[EventDate "2022.08.11"]
[EventType "swiss"]
[EventRounds "9"]
[EventCountry "ESP"]
[SourceTitle "CBM 209 Extra"]
[Source "ChessBase"]
[SourceDate "2022.09.30"]
[SourceVersion "1"]
[SourceVersionDate "2022.09.30"]
[SourceQuality "1"]

1. e4 c5 2. Nf3 e6 3. d4 cxd4 4. Nxd4 Nc6 5. Nc3 Qc7 6. Be3 a6 7. a3 b5 8. Nxc6 Qxc6 9. Qd2 Bb7 10. Bd3 Nf6 11. f3 Bd6 12. 0-0-0 Be5 13. Ne2 Rc8 14. f4 Bb8 15. e5 Nd5 16. Nd4 Qc7 17. Bf2 0-0 18. Bg3 Qb6 19. Bf2 Qc7 20. Rhe1 f6 21. Nb3 fxe5 22. fxe5 Nf4 23. Be4 Nxg2 24. Bxg2 Bxg2 25. Bc5 Bf3 26. Bxf8 Bxd1 27. Bc5 Bh5 28. Bb4 Bg6 29. Bc3 Rf8 30. Bb4 Rc8 31. Bc3 Rf8 1/2-1/2

[Event "ESP-ch 87th"]
[Site "Linares"]
[Date "2022.08.13"]
[Round "4"]
[White "Garcia Gimenez, Santiago"]
[Black "Medarde Santiago, Luis Marcos"]
[Result "0-1"]
[WhiteElo "2193"]
[BlackElo "2367"]
[PlyCount "144"]
[EventDate "2022.08.11"]
[EventType "swiss"]
[EventRounds "9"]
[EventCountry "ESP"]
[SourceTitle "CBM 209 Extra"]
[Source "ChessBase"]
[SourceDate "2022.09.30"]
[SourceVersion "1"]
[SourceVersionDate "2022.09.30"]
[SourceQuality "1"]

1. Nf3 c5 2. g3 Nc6 3. d4 cxd4 4. Nxd4 g6 5. Bg2 Bg7 6. Nxc6 bxc6 7. 0-0 Rb8 8. c3 Qa5 9. Nd2 Ba6 10. Nb3 Qc7 11. Re1 Nf6 12. e4 d6 13. e5 dxe5 14. Nc5 Bc8 15. Rxe5 Nd5 16. Re1 0-0 17. Qe2 Qa5 18. Bxd5 Qxc5 19. Bb3 e5 20. Be3 Qe7 21. Qc4 Qc7 22. Bc5 Rd8 23. Red1 Be6 24. Qa4 Bxb3 25. axb3 Rxd1+ 26. Rxd1 Bf8 27. Bxf8 Kxf8 28. b4 Kg7 29. Rd2 Rb5 30. Qd1 Rb7 31. Qf3 Rb8 32. g4 Re8 33. g5 Qe7 34. h4 e4 35. Qf4 Qe5 36. Qxe5+ Rxe5 37. Re2 f5 38. gxf6+ Kxf6 39. b3 Kf5 40. Ra2 Re7 41. Ra6 Rc7 42. h5 gxh5 43. Ra5+ Kg4 44. Re5 Kf3 45. Rxh5 Ke2 46. Re5 Rg7+ 47. Kh2 Rg4 48. Rf5 Kd2 49. Rc5 Rg6 50. c4 Rf6 51. Kg1 Ke2 52. Re5 Rf4 53. b5 cxb5 54. c5 Rg4+ 55. Kh2 Kxf2 56. Rf5+ Ke2 57. c6 a6 58. c7 Rg8 59. Rc5 Rc8 60. Kg3 Ke3 61. b4 Kd4 62. Kf4 e3 63. Kf3 Kd3 64. Rd5+ Kc4 65. Rd7 Kxb4 66. Kxe3 Kc5 67. Rxh7 Kb6 68. Rh6+ Kb7 69. Kd4 Rxc7 70. Rg6 Rc6 71. Rg7+ Kb6 72. Rg8 Ka5 0-1

[Event "Pontevedra op-A 10th"]
[Site "Pontevedra"]
[Date "2022.07.29"]
[Round "8"]
[White "Medarde Santiago, Luis Marcos"]
[Black "Gomez Carreno, Martin"]
[Result "1-0"]
[WhiteElo "2330"]
[BlackElo "2155"]
[PlyCount "85"]
[EventDate "2022.07.24"]
[EventType "swiss"]
[EventRounds "9"]
[EventCountry "ESP"]
[SourceTitle "EXT 2023"]
[Source "ChessBase"]
[SourceDate "2022.10.05"]
[SourceVersion "1"]
[SourceVersionDate "2022.10.05"]
[SourceQuality "1"]

1. Nf3 Nf6 2. c4 e6 3. g3 d5 4. Bg2 c5 5. cxd5 exd5 6. d4 Nc6 7. 0-0 h6 8. Nc3 Be6 9. b3 Rc8 10. Bb2 b6 11. Rc1 Be7 12. dxc5 bxc5 13. Na4 Nb8 14. Bxf6 gxf6 15. Qd3 Nd7 16. Rfd1 Nb6 17. Nxb6 axb6 18. Nh4 d4 19. e3 dxe3 20. Qxe3 Qc7 21. Bd5 Qe5 22. Qf3 Qg5 23. Bxe6 fxe6 24. Qe2 e5 25. f4 exf4 26. Qe6 Rc7 27. Qxb6 fxg3 28. Qxc7 gxh2+ 29. Kh1 Qxh4 30. Re1 Rh7 31. Qc8+ Kf7 32. Rcd1 Bf8 33. Re2 Rg7 34. Qe6+ Kg6 35. Rg2+ Kh7 36. Qf5+ Kg8 37. Rxg7+ Bxg7 38. Qg6 f5 39. Qe6+ Kh8 40. Qc8+ Kh7 41. Qxf5+ Kg8 42. Qd5+ Kf8 43. Qxc5+ 1-0

[Event "ESP-ch 86th"]
[Site "Linares"]
[Date "2021.08.24"]
[Round "9"]
[White "Medarde Santiago, Luis Marcos"]
[Black "Neagu, Roberto Florin"]
[Result "1-0"]
[WhiteElo "2354"]
[BlackElo "2092"]
[PlyCount "45"]
[EventDate "2021.08.16"]
[EventType "swiss"]
[EventRounds "9"]
[EventCountry "ESP"]
[SourceTitle "CBM 204 Extra"]
[Source "ChessBase"]
[SourceDate "2021.11.30"]
[SourceVersion "1"]
[SourceVersionDate "2021.11.30"]
[SourceQuality "1"]

1. e4 c5 2. Ne2 Nc6 3. d4 cxd4 4. Nxd4 Nf6 5. Nc3 e5 6. Ndb5 d6 7. Bg5 a6 8. Na3 b5 9. Bxf6 gxf6 10. Nd5 f5 11. c3 fxe4 12. Bxb5 Bd7 13. Qa4 Nb8 14. Bxd7+ Nxd7 15. Nc4 Be7 16. Rd1 0-0 17. Nxe7+ Qxe7 18. 0-0 Nc5 19. Qc6 Nd3 20. Qxe4 Nf4 21. Nxd6 Qg5 22. g3 Rad8 23. Qf5 1-0

[Event "ESP-ch 86th"]
[Site "Linares"]
[Date "2021.08.23"]
[Round "8"]
[White "Rodriguez del Cerro, Ricardo"]
[Black "Medarde Santiago, Luis Marcos"]
[Result "1/2-1/2"]
[WhiteElo "1998"]
[BlackElo "2354"]
[PlyCount "108"]
[EventDate "2021.08.16"]
[EventType "swiss"]
[EventRounds "9"]
[EventCountry "ESP"]
[SourceTitle "CBM 204 Extra"]
[Source "ChessBase"]
[SourceDate "2021.11.30"]
[SourceVersion "1"]
[SourceVersionDate "2021.11.30"]
[SourceQuality "1"]

1. Nf3 d5 2. e3 Nf6 3. c4 c6 4. Nc3 e6 5. b3 Bd6 6. Bb2 0-0 7. Qc2 e5 8. cxd5 cxd5 9. Nb5 Nc6 10. Nxd6 Qxd6 11. d4 Nb4 12. Qd2 e4 13. Ne5 Ne8 14. a3 Na6 15. Be2 f6 16. f4 fxe5 17. dxe5 Qd8 18. 0-0 Nc5 19. Rad1 Nxb3 20. Qc3 Qb6 21. Rxd5 Be6 22. Bc4 Rc8 23. Qxb3 Rxc4 24. Qxc4 Nc7 25. Bd4 Bxd5 26. Bxb6 Bxc4 27. Bxc7 Bxf1 28. Kxf1 Rc8 29. Bd6 Rc1+ 30. Kf2 Kf7 31. f5 h5 32. h3 h4 33. g4 hxg3+ 34. Kxg3 Rf1 35. e6+ Kg8 36. Kg4 b5 37. h4 a5 38. h5 Rh1 39. Be7 Rh2 40. Bd6 Rd2 41. Be7 Re2 42. Kf4 Rh2 43. Kg4 Rc2 44. h6 gxh6 45. f6 Rf2 46. f7+ Kg7 47. Bd6 Rf1 48. Be5+ Kf8 49. Bd6+ Kg7 50. Be5+ Kf8 51. Bd6+ Kg7 52. Be5+ Kf8 53. Bd6+ Kg7 54. Be5+ Kf8 1/2-1/2